Tiếng nhật câu và chữ : 日本語の文章と単語 /

Hướng dẫn những kỹ năng chung nhất về tạo lập và tiếp nhận văn bản đến kỹ thuật viết luận văn và tiểu luận khoa học trong nhà trường. Rèn luyện kỹ năng đặt câu và dùng từ: Chữa các lỗi thường gặp về đặt câu và dùng từ trong văn bản...

Descrizione completa

Salvato in:
Dettagli Bibliografici
Autore principale: Đoàn Nhật Chấn
Natura: Libro
Lingua:Japanese
Vietnamese
Pubblicazione: Hà Nội : Hồng Đức, 2008.
Soggetti:
Tags: Aggiungi Tag
Nessun Tag, puoi essere il primo ad aggiungerne! !
Thư viện lưu trữ: Mạng thư viện Đại học Đà Nẵng
LEADER 01392nam a22003251a 4500
001 000038814
003 15109
005 20210410102948.0
008 160412s2008 000
020 |c 35000  |d 1.000b 
041 0 |a jpn 
041 0 |a vie 
082 |a 495.6  |b ĐO-C 
100 1 |a Đoàn Nhật Chấn 
245 1 0 |a Tiếng nhật câu và chữ :  |b 日本語の文章と単語 /  |c Đoàn Nhật Chấn. 
260 |a Hà Nội :  |b Hồng Đức,  |c 2008. 
300 |a 299tr ;  |c 20cm. 
520 |a Hướng dẫn những kỹ năng chung nhất về tạo lập và tiếp nhận văn bản đến kỹ thuật viết luận văn và tiểu luận khoa học trong nhà trường. Rèn luyện kỹ năng đặt câu và dùng từ: Chữa các lỗi thường gặp về đặt câu và dùng từ trong văn bản 
653 |a Tiếng việt 
653 |a thực hành 
653 |a câu và chữ 
OWN |a LNN 
902 |a TKN 
AVA |a UDN50  |b LNN  |c Japanese-Korean-Thailander  |d 495.6 ĐO-C  |e available  |t Error 5001 Not defined in file expand_doc_bib_avail.  |f 5  |g 0  |h N  |i 0  |j HN 
999 |a From the UDN01 
AVA |a UDN50  |b LNN  |c Japanese-Korean-Thailander  |d 495.6 ĐO-C  |e available  |t Error 5001 Not defined in file expand_doc_bib_avail.  |f 5  |g 0  |h N  |i 0  |j HN 
TYP |a Monograph 
980 |a Mạng thư viện Đại học Đà Nẵng